000 00347nam a2200145Ia 4500
003 OSt
005 20240305153701.0
008 170524s9999 xx 000 0 und d
020 _a9354600077
040 _cIIMT UNIVERSITY
100 _aCHANDRA PRASANA
245 0 _aINVESTMENT ANALYSIS AND PORTFOLIO MANAGEMENT
260 _aTMH
942 _2ddc
_c02
999 _c3291
_d3291